000
00248nam a22000977a 4500
008
240220b |||||||| |||| 00| 0 eng d
082
_a
DG EUR
_b
CREC
100
_a
Crespo, Borja
_e
autor
_9
43477
245
_a
Corto cuentos /
_c
Borja Crespo
942
_2
ddc
999
_c
30677
_d
17061